000 01489cam a2200505 4500
001 ##L81824
002 ##2393
008 090401t1997 xxu||||| |||| 00| 0 eng d
020 _a0922154422
035 _a(Sirsi) u81824
041 0 _aeng
050 0 4 _a333.332 $2 18
245 0 0 _aReal estate valuation in global markets
260 _aChicago, IL
_bAppraisal Institute
_c1997
300 _axiv, 476p.
_c26cm.
350 _a40
520 _aLooks at valuation practice in 21 countries and includes information on political structure, legally recognised property rights, governmental powers, currency and inflation outlook. Also gives sources of data, addresses of organisations and bibliographies.
520 _aSuperseded by second edition (ISBN 9781935328124).
651 4 _aALBANIA
651 4 _aARGENTINA
651 4 _aAUSTRALIA
651 4 _aCANADA
651 4 _aCOLOMBIA
651 4 _aCZECH REPUBLIC
651 4 _aEL SALVADOR
651 4 _aFRANCE
651 4 _aGERMANY
651 4 _aINDIA
651 4 _aITALY
651 4 _aJAPAN
651 4 _aMEXICO
651 4 _aNEW ZEALAND
651 4 _aPOLAND
651 4 _aRUSSIA
651 4 _aSINGAPORE
651 4 _aTHAILAND
651 4 _aUNITED STATES
651 4 _aZIMBABWE
690 _aPROPERTY-PROPERTY APPRAISAL AND VALUATION
700 1 _aGelbtuch, Howard C.
_eEditor
700 1 _aMackmin, David
_eEditor
700 1 _aMilgrim, Michael R.
_eEditor
942 _n0
948 _c31/10/1997
999 _c96751
_d96751